| 000 | 00372ngm a22001454a 4500 | ||
|---|---|---|---|
| 008 | 150618s1966 xx 120 000 zlund d | ||
| 040 | _cAR-RoIUNI | ||
| 245 | 0 | 2 |
_aA man for all seasons / _c[Fred Zinnemann] |
| 260 | _c1966 | ||
| 300 | _a1 dvd | ||
| 306 | _a020000 | ||
| 600 | 0 |
_aThomas More, _cSanto, _d1478-1535 _xBiografía |
|
| 650 | 4 | _aPSICOLOGÍA | |
| 942 |
_cVM _2cdu |
||
| 999 |
_c2210 _d2210 |
||